000
00292nam a2200145Ia 4500
100
_a
Pope/ Alan
942
_c
BK
654
_a
computer
245
_a
CORBA Reference guide
260
_b
Addison Wesly
_c
1998
082
_a
5.133
_b
POP
300
_a
407
546
_a
ENGLISH
999
_c
23407
_d
23407